[Event "Bugojno"]
[Site "Bugojno"]
[Date "1986.??.??"]
[Round "6"]
[White "Portisch, Lajos"]
[Black "Karpov, Anatoly"]
[Result "1/2-1/2"]
[WhiteElo "2610"]
[BlackElo "2700"]
[PlyCount "36"]
[EventDate "1986.05.??"]
[EventType "tourn"]
[EventRounds "14"]
[EventCountry "YUG"]
[EventCategory "16"]
[SourceTitle "MCL"]
[Source "ChessBase"]
[SourceDate "1999.07.01"]
[SourceVersion "1"]
[SourceVersionDate "1999.07.01"]
[SourceQuality "1"]

1. Nf3 {ChessBase} Nf6 2. c4 e6 3. Nc3 d5 4. d4 Be7 5. Bg5 h6 6. Bh4 O-O 7. e3 b6 8. Rc1 Bb7 9. cxd5 Nxd5 10. Bxe7 Qxe7 11. Be2 Rc8 12. O-O c5 13. Nxd5 Bxd5 14. dxc5 Rxc5 15. Rxc5 Qxc5 16. Qa4 Bc6 17. Qd4 ({RR} 17. Qf4 Nd7 18. b4 Qf8 ({RR} 18... Qe7 19. Qc7) 19. Qc7 ({RR} 19. Qd4 Nf6 20. Ne5 Rd8) 19... Rc8 20. Qxa7 Qxb4 21. Nd4 ({RR} 21. Rc1 Qb2 22. Rxc6 Rxc6 23. Qa8+ Nf8 24. Qxc6 Qxe2) 21... Qa4 22. Nxc6 Qxc6 23. Rd1 Ne5 24. Qe7 {½-½ (24) Kasparov,G (2710)-Timman,J (2610) London 1984 MCL [ChessBase]}) 17... Nd7 18. Qd2 $146 ({RR} 18. Qxc5 Nxc5 19. b4 Ne4 20. Rc1 Bd5 21. Ba6 Nd6 22. a3 Kf8 23. Ne5 Ne8 24. f3 Rd8 25. e4 Ba8 26. Kf2 f6 27. Nd3 Bb7 28. Bxb7 Rxd3 29. Rc8 Ke7 30. Bc6 Rd8 31. Rxd8 Kxd8 32. e5 f5 {Chekhov,V (2495)-Klovans,J Soviet Union 1985 ½-½ (36)}) ({RR} 18. Qxc5 Nxc5 19. Rc1 Bd5 20. b4 Ne4 21. a3 a5 22. Nd4 axb4 23. axb4 g6 24. f3 Nd6 25. e4 e5 26. Nc6 Be6 27. Nxe5 Ra2 28. Bc4 Nxc4 29. Nxc4 Ra4 30. Nxb6 Rxb4 31. Nc8 Rd4 32. Ne7+ Kf8 {Reshetnikov,A (2492)-Drozdowski,K (2450) chess.com INT 2025 1-0 (95)}) ({RR} 18. Qxc5 Nxc5 19. b4 Ne4 20. Rc1 Bd5 21. Ba6 Rd8 22. a3 Rd7 23. Ne5 Re7 24. f3 Nd6 25. e4 Bb7 26. Bxb7 Nxb7 27. Rc8+ Kh7 28. Kf2 Nd6 29. Rc6 Nb5 30. a4 f6 31. Ng4 Nd4 32. Rc4 Rd7 {Helmers,K (2455)-Ingbrandt,J (2365) Oslo 1986 ½-½ (33)}) 18... Qd5 1/2-1/2

[Event "Novokuznetsk Siberia-ch"]
[Site "Novokuznetsk"]
[Date "2013.03.22"]
[Round "2"]
[White "Silin, Sergei"]
[Black "Karpov, Arkadiy"]
[Result "1/2-1/2"]
[WhiteElo "1868"]
[BlackElo "2080"]
[PlyCount "118"]
[EventDate "2013.03.21"]
[EventType "swiss"]
[EventRounds "9"]
[EventCountry "RUS"]
[SourceTitle "CBM 153 Extra"]
[Source "ChessBase"]
[SourceDate "2013.04.22"]
[SourceVersion "1"]
[SourceVersionDate "2013.04.22"]
[SourceQuality "1"]

1. d4 {Besenthal,Klaus Guenter} Nf6 2. c4 e6 3. Nc3 d5 4. Bg5 Be7 5. e3 h6 6. Bh4 O-O 7. Nf3 Nbd7 8. Bd3 ({RR} 8. Rc1) 8... dxc4 9. Bxc4 c5 10. O-O cxd4 11. Nxd4 Qb6 ({RR} 11... Nb6 12. Bb3 Nbd5 13. Nxd5 Nxd5 14. Bg3 Bf6 15. Rc1 Nb6 16. Qe2 ({RR} 16. Qf3) ({RR} 16. Qh5) 16... Bd7 17. Nb5 ({RR} 17. Bd6) 17... a6 ({RR} 17... Bxb5 18. Qxb5 Rc8) 18. Nd6 Bc6 19. Nxb7 ({RR} 19. Rfd1) 19... Bxb7 20. Bc7 Qe7 21. Bxb6 Bxg2 22. Kxg2 Qb7+ 23. Qf3 Qxb6 24. Rc6 Qb7 25. Rc2 Qxf3+ ({RR} 25... Qb4) 26. Kxf3 {Ding,L (2755)-So,W (2771) Saint Louis 2016 CBM 174 [Besenthal,Klaus Guenter] ½-½ (35)}) ({RR} 11... Ne5 12. Be2 Bd7 13. Bg3 Nc6 14. Bf3 Rc8 15. Ndb5 Ne8 16. Bxc6 bxc6 17. Nd6 Nxd6 18. Bxd6 c5 19. b3 Bc6 20. Bxe7 Qxe7 21. Qg4 Rfd8 22. Rad1 Rxd1 23. Rxd1 Rd8 24. h3 Rd7 25. Kf1 Qd8 26. Rxd7 {Pranesh,M (2666)-Vetokhin,S (2561) chess.com INT 2026 ½-½ (86)}) 12. a3 Ne5 13. Be2 Rd8 $146 ({RR} 13... Bd7 14. Bg3 Nc6 15. Na4 Qd8 16. Nb5 e5 17. Rc1 Bf5 18. Nc5 Bxc5 19. Rxc5 Ne4 20. Rd5 Qe7 21. Nd6 Nxd6 22. Rxd6 Nd4 23. Rd5 Nxe2+ 24. Qxe2 {½-½ (24) Korobov,A (2692)-Anand,V (2779) Doha 2016}) 14. Qc2 Bd7 15. Bg3 Ng6 16. Bd3 Nf8 17. Rac1 Rac8 18. Qe2 a6 19. Rfd1 Be8 20. Bh4 Rc7 21. Nf3 Rdc8 22. Bg3 Rc6 23. Nd4 Rc5 24. Qd2 Rd8 25. Qe2 Rcc8 26. Bh4 N8d7 27. b4 Ne5 28. Bb1 Nc4 29. Qa2 Ne5 30. Bg3 Nc6 31. Na4 Qa7 32. Nf3 b5 33. Rxd8 Rxd8 34. Nc3 Bd6 35. Bxd6 Rxd6 36. h3 e5 37. Qc2 Qe7 38. Ne4 Nxe4 39. Qxe4 g6 40. Ba2 Kg7 41. Qc2 f6 42. Nd2 Nd8 43. Qb2 Ne6 44. Bxe6 Rxe6 45. Ne4 Bf7 46. Nc5 Rd6 47. Qc2 Bc4 48. Rd1 Qd8 49. Rxd6 Qxd6 50. Qe4 Bd5 51. Qd3 f5 52. Nxa6 Qc6 53. Nc5 Bxg2 54. Qd7+ Qxd7 55. Nxd7 Bxh3 56. Nxe5 Kf6 57. Nc6 f4 58. exf4 Bd7 59. Nd4 g5 1/2-1/2

[Event "Tomsk-ch"]
[Site "Tomsk"]
[Date "2006.??.??"]
[Round "?"]
[White "Zhunusov, Murat"]
[Black "Karpov, Alexander"]
[Result "1/2-1/2"]
[WhiteElo "2220"]
[BlackElo "2350"]
[PlyCount "107"]
[EventDate "2006.06.??"]
[EventType "tourn"]
[EventRounds "9"]
[EventCountry "RUS"]
[EventCategory "3"]
[SourceTitle "EXT 2008"]
[Source "ChessBase"]
[SourceDate "2007.11.25"]
[SourceVersion "1"]
[SourceVersionDate "2007.11.25"]
[SourceQuality "1"]

1. d4 d5 2. c4 e6 3. Nf3 Nf6 4. Nc3 c6 5. Bg5 Be7 6. e3 Nbd7 7. Qc2 O-O 8. Bd3 dxc4 9. Bxc4 Nd5 10. Bxe7 Qxe7 11. O-O Nxc3 12. bxc3 e5 ({RR} 12... b6 13. a4 Bb7 14. Bd3 h6 15. a5 c5 16. Be4 Bxe4 17. Qxe4 Nf6 18. Qd3 Rac8 19. Rfb1 cxd4 20. cxd4 bxa5 21. Rxa5 {½-½ (21) Chatalbashev,B (2573)-Jedynak,R (2540) Thessaloniki 2007}) 13. Bd3 ({RR} 13. Qe4 Re8 14. a4 exd4 15. Qxe7 Rxe7 16. cxd4 Nb6 17. Bb3 Be6 18. Bxe6 Rxe6 19. Rfc1 Nd5 20. a5 f6 21. Ne1 Rc8 22. Nd3 b6 23. g4 Kf7 24. Kg2 Rd8 25. Kf3 g5 26. h4 h6 27. hxg5 hxg5 {Markus,R (2553)-Strikovic,A (2402) Bajina Basta SRB 2025 1-0 (58)}) 13... g6 14. Rfe1 $146 ({RR} 14. e4 Rd8 15. Qd2 Kg7 16. Rad1 exd4 17. cxd4 Nf8 18. h3 Be6 19. Qb2 f6 20. Ne1 g5 21. f4 gxf4 22. Rxf4 Ng6 23. Rf1 Qd7 24. d5 cxd5 25. Qxf6+ Kg8 26. exd5 Bxd5 27. Bc4 Qc6 28. Bxd5+ Rxd5 {Luckow,H-Hansen,O Gluecksburg 1988 1-0}) ({RR} 14. e4 Rd8 15. Rad1 b6 16. Qc1 Bb7 17. Qh6 b5 18. a4 a6 19. Bb1 f6 20. Nh4 Nf8 21. f4 exd4 22. cxd4 Qg7 23. Qxg7+ Kxg7 24. f5 Nd7 25. e5 g5 26. Nf3 c5 27. e6 Nb6 28. dxc5 Nxa4 {Bublei,P (2337)-Karpov,A (2301) Novosibirsk 2012 1-0 (36)}) ({RR} 14. Nd2 exd4 15. exd4 Nf6 16. Rfe1 Qc7 17. h3 Be6 18. Nf3 Rad8 19. Ng5 Bc8 20. Ne4 Nd5 21. Rad1 Kg7 22. Qb2 Nf4 23. Bf1 Qb6 24. Qd2 Qc7 25. Qe3 Rfe8 26. Qf3 f5 27. Nc5 b6 28. Nd3 Nxd3 {Orekhovsky,V (2061)-Domnin,V (1907) Zhukovsky 2012 ½-½ (60)}) 14... b6 15. e4 c5 16. d5 Nf6 17. a4 Bd7 18. Nd2 Ne8 19. f4 f6 20. Rf1 Nd6 21. Nc4 Nxc4 22. Bxc4 Qd6 23. Qd2 Kg7 24. Bd3 c4 25. Bc2 a6 26. fxe5 Qxe5 27. Rab1 b5 28. a5 Rae8 29. Rf3 Rf7 30. Rbf1 Bc8 31. h3 Ref8 32. Qf2 Qc7 33. Kh1 Qe5 34. Qc5 Bb7 35. Rd1 Rd7 36. Rdf1 Rff7 37. Qf2 Bc8 38. Qc5 Rd8 39. Qb6 Rd6 40. Qc5 Bd7 41. Qf2 Bc8 42. Qc5 Bd7 43. Kg1 f5 44. Qe3 Rdf6 45. exf5 Qxe3+ 46. Rxe3 Bxf5 47. Bxf5 Rxf5 48. Rxf5 Rxf5 49. Re7+ Kf8 50. Ra7 Rxd5 51. Rxa6 Rd3 52. Rb6 Rxc3 53. Rxb5 Ra3 54. Rc5 1/2-1/2

[Event "Novosibirsk Siberia"]
[Site "Novosibirsk"]
[Date "2012.07.22"]
[Round "5"]
[White "Bublei, Pavel"]
[Black "Karpov, Alexander"]
[Result "1-0"]
[WhiteElo "2337"]
[BlackElo "2301"]
[PlyCount "71"]
[EventDate "2012.07.18"]
[EventType "tourn"]
[EventRounds "9"]
[EventCountry "RUS"]
[EventCategory "2"]
[SourceTitle "EXT 2013"]
[Source "ChessBase"]
[SourceDate "2012.11.22"]
[SourceVersion "1"]
[SourceVersionDate "2012.11.22"]
[SourceQuality "1"]

1. d4 d5 2. c4 e6 3. Nc3 Nf6 4. Bg5 Be7 5. e3 c6 6. Nf3 Nbd7 7. Bd3 dxc4 8. Bxc4 Nd5 9. Bxe7 Qxe7 10. O-O Nxc3 11. bxc3 O-O 12. Qc2 e5 ({RR} 12... b6 13. a4 Bb7 14. Bd3 h6 15. a5 c5 16. Be4 Bxe4 17. Qxe4 Nf6 18. Qd3 Rac8 19. Rfb1 cxd4 20. cxd4 bxa5 21. Rxa5 {½-½ (21) Chatalbashev,B (2573)-Jedynak,R (2540) Thessaloniki 2007}) 13. Bd3 ({RR} 13. Qe4 Re8 14. a4 exd4 15. Qxe7 Rxe7 16. cxd4 Nb6 17. Bb3 Be6 18. Bxe6 Rxe6 19. Rfc1 Nd5 20. a5 f6 21. Ne1 Rc8 22. Nd3 b6 23. g4 Kf7 24. Kg2 Rd8 25. Kf3 g5 26. h4 h6 27. hxg5 hxg5 {Markus,R (2553)-Strikovic,A (2402) Bajina Basta SRB 2025 1-0 (58)}) 13... g6 14. e4 ({RR} 14. Rfe1 b6 15. e4 c5 16. d5 Nf6 17. a4 Bd7 18. Nd2 Ne8 19. f4 f6 20. Rf1 Nd6 21. Nc4 Nxc4 22. Bxc4 Qd6 23. Qd2 Kg7 24. Bd3 c4 25. Bc2 a6 26. fxe5 Qxe5 27. Rab1 b5 28. a5 Rae8 {Zhunusov,M (2220)-Karpov,A (2350) Tomsk 2006 ½-½ (54)}) 14... Rd8 15. Rad1 $146 ({RR} 15. Qd2 Kg7 16. Rad1 exd4 17. cxd4 Nf8 18. h3 Be6 19. Qb2 f6 20. Ne1 g5 21. f4 gxf4 22. Rxf4 Ng6 23. Rf1 Qd7 24. d5 cxd5 25. Qxf6+ Kg8 26. exd5 Bxd5 27. Bc4 Qc6 28. Bxd5+ Rxd5 29. Qf7+ {1-0 (29) Luckow,H-Hansen,O Gluecksburg 1988}) 15... b6 16. Qc1 Bb7 17. Qh6 b5 18. a4 a6 19. Bb1 f6 20. Nh4 Nf8 21. f4 exd4 22. cxd4 Qg7 23. Qxg7+ Kxg7 24. f5 Nd7 25. e5 g5 26. Nf3 c5 27. e6 Nb6 28. dxc5 Nxa4 29. Rc1 Rac8 30. Nxg5 Nxc5 31. Rxc5 Rd2 32. Be4 Rxc5 33. Bxb7 fxg5 34. f6+ Kf8 35. e7+ Kf7 36. Re1 1-0

[Event "Sukhumi op"]
[Site "Sukhumi"]
[Date "2008.08.08"]
[Round "7"]
[White "Kopeikin, Yuri"]
[Black "Karpov, Alexander"]
[Result "0-1"]
[WhiteElo "2107"]
[BlackElo "2341"]
[PlyCount "114"]
[EventDate "2008.08.03"]
[EventType "swiss"]
[EventRounds "9"]
[EventCountry "GEO"]
[SourceTitle "CBM 126 Extra"]
[Source "ChessBase"]
[SourceDate "2008.11.05"]
[SourceVersion "1"]
[SourceVersionDate "2008.11.05"]
[SourceQuality "1"]

1. d4 d5 2. c4 e6 3. Nc3 c6 4. Nf3 Nf6 5. Bg5 Be7 6. e3 Nbd7 7. Bd3 dxc4 8. Bxc4 Nd5 9. Bxe7 Qxe7 10. O-O Nxc3 11. bxc3 O-O 12. e4 e5 13. Re1 ({RR} 13. Qd2 exd4 14. cxd4 Nb6 15. Bd3 Be6 16. Rfe1 Rad8 17. Qf4 Rfe8 18. a4 Bc4 19. Bc2 Qf6 20. Qg3 Qg6 21. Qh4 Qf6 22. Qh5 g6 23. Qh6 Nd7 24. a5 Nf8 25. Rab1 Qe7 26. h4 Be6 27. h5 Bg4 {Christiansen,L (2555)-Kogan,B (2495) Reykjavik 1986 ½-½ (51)}) 13... exd4 ({RR} 13... b6 14. Qe2 Bb7 15. Rad1 Rad8 16. Bb3 h6 17. h3 Rfe8 18. Nh2 c5 19. d5 Nf8 20. Ba4 Nd7 21. Ng4 Rf8 22. Bxd7 Rxd7 23. Ne3 g6 24. a4 h5 25. a5 Rd6 26. axb6 axb6 27. Rb1 f5 28. exf5 {Gontcharov,V (2421)-Rian,K (2098) chess.com INT 2026 1-0 (43)}) 14. cxd4 Nb6 15. Bb3 c5 $146 ({RR} 15... Bg4 16. Qd3 Rad8 17. Ne5 Be6 18. Rad1 Bxb3 19. Qxb3 c5 20. Qc3 cxd4 21. Qg3 Qd6 22. Nf3 Qxg3 23. hxg3 d3 24. Ne5 Rfe8 25. Nxd3 f5 26. f3 fxe4 27. fxe4 Rd4 28. Nf2 Ra4 29. Re2 Ra3 30. Kh2 {Barantseva,A (2113)-Krasiuk,K Bila Tserkva 2004 0-1 (60)}) ({RR} 15... Bg4 16. h3 Bh5 17. Qd3 Rad8 18. Rad1 Qb4 19. g4 Bg6 20. Ne5 Rfe8 21. f4 Kf8 22. Qe3 f6 23. f5 Bxf5 24. Nd3 Qxd4 25. Qxd4 Rxd4 26. exf5 Rxe1+ 27. Nxe1 Rxd1 28. Bxd1 Ke7 29. Bb3 Kd6 30. Bg8 {Muzafarov,K (2082)-Lukanov,V (2164) Krasnoyarsk 2016 1-0 (53)}) 16. dxc5 Qxc5 17. Rc1 Qe7 18. Nd4 Bd7 19. Qh5 Rac8 20. Rcd1 g6 21. Qa5 Qc5 22. Qd2 Bg4 23. Rc1 Qe5 24. f4 Qe7 25. e5 Rxc1 26. Rxc1 Rd8 27. Qf2 Qb4 28. Nc2 Qd2 29. Qxd2 Rxd2 30. Ne3 Be6 31. Rc7 Rd7 32. Rxd7 Nxd7 33. Bxe6 fxe6 34. h4 Nc5 35. Kf2 h5 36. Nc4 Nd3+ 37. Ke3 Nb4 38. a3 Nd5+ 39. Ke4 Kf8 40. g3 b6 41. Nd6 a6 42. Kd4 Ke7 43. Ne4 Kd7 44. Ng5 Ne7 45. Kc4 Nf5 46. Ne4 Kc6 47. Kd3 b5 48. Kc3 a5 49. Kd3 b4 50. axb4 axb4 51. Kc4 b3 52. Kxb3 Kd5 53. Nf6+ Kd4 54. Nh7 Nxg3 55. Nf8 Kd5 56. Nxg6 Ne2 57. Kc2 Nxf4 0-1

[Event "Sukhumi op"]
[Site "Sukhumi"]
[Date "2008.08.05"]
[Round "4"]
[White "Strelnikov, Sergey"]
[Black "Karpov, Alexander"]
[Result "1-0"]
[WhiteElo "2334"]
[BlackElo "2341"]
[PlyCount "95"]
[EventDate "2008.08.03"]
[EventType "swiss"]
[EventRounds "9"]
[EventCountry "GEO"]
[SourceTitle "CBM 126 Extra"]
[Source "ChessBase"]
[SourceDate "2008.11.05"]
[SourceVersion "1"]
[SourceVersionDate "2008.11.05"]
[SourceQuality "1"]

1. Nf3 d5 2. d4 e6 3. c4 Nf6 4. Nc3 c6 5. Bg5 Be7 6. e3 Nbd7 7. a3 O-O 8. Qc2 Re8 9. Rd1 a5 10. Bd3 dxc4 11. Bxc4 Nd5 12. Bxe7 Qxe7 13. Ne2 $146 ({RR} 13. O-O N7f6 14. Rfe1 b5 15. Nxd5 exd5 16. Bd3 Qd6 17. Rc1 Bb7 18. Ne5 Rec8 19. Bf5 Rc7 20. Qc5 Qxc5 21. Rxc5 g6 22. Bh3 Ne4 23. Rc2 f5 24. Rec1 b4 25. g4 b3 26. Re2 fxg4 27. Bxg4 Bc8 {Meissner,B (2285)-Faltermann,M Klinge 1993 1-0 (47)}) ({RR} 13. O-O Nxc3 14. Qxc3 b6 15. Rfe1 Bb7 16. e4 Rac8 17. Qd2 Red8 18. Ba2 Nf8 19. Qf4 Ng6 20. Qg4 c5 21. h4 cxd4 22. h5 Nf8 23. Nxd4 h6 24. Bb1 Rc5 25. Nf3 Rxd1 26. Rxd1 Qc7 27. Bd3 Nd7 {Ragnarsson,D (2272)-Ornolfsson,M (2209) Reykjavik 2016 0-1 (54)}) 13... h6 14. Ba2 N5f6 15. Ng3 c5 16. O-O b6 17. e4 Bb7 18. d5 exd5 19. exd5 Ne5 20. Nh4 c4 21. d6 Qd7 22. Rd4 b5 23. Bb1 Qc6 24. Nh5 Ned7 25. Rg4 Re4 26. Nf5 Rxg4 27. Ne7+ Kf8 28. Nxc6 Bxc6 29. f3 Rg5 30. Ng3 Nc5 31. Rd1 h5 32. Qf2 Ne6 33. h4 Rd5 34. Rxd5 Nxd5 35. Be4 b4 36. Nf5 c3 37. Ne7 bxa3 38. bxa3 Nxe7 39. dxe7+ Kxe7 40. Bxc6 Rd8 41. Qa7+ Kf8 42. Be4 g6 43. Qxa5 Rc8 44. Qe5 Ke7 45. Bc2 Rc5 46. Qe3 Kd6 47. a4 Nc7 48. Qf4+ 1-0

[Event "Kimry"]
[Site "Kimry"]
[Date "2009.08.22"]
[Round "3"]
[White "Sorokin, Evgeniy"]
[Black "Karpov, Alexander"]
[Result "1-0"]
[WhiteElo "2289"]
[BlackElo "2362"]
[PlyCount "109"]
[EventDate "2009.08.21"]
[EventType "tourn"]
[EventRounds "11"]
[EventCountry "RUS"]
[SourceTitle "CBM 132 Extra"]
[Source "ChessBase"]
[SourceDate "2009.11.03"]
[SourceVersion "1"]
[SourceVersionDate "2009.11.03"]
[SourceQuality "1"]

1. d4 d5 2. c4 e6 3. Nc3 c6 4. Nf3 Nf6 5. Bg5 Be7 6. e3 Nbd7 7. Qc2 O-O 8. Bd3 dxc4 9. Bxc4 Nd5 10. Bxe7 Qxe7 11. a3 ({RR} 11. Nxd5 exd5 12. Bd3 Nf6 13. Ne5 Ne4 14. O-O f6 15. Nf3 g6 16. Rab1 Nd6 17. b4 Be6 18. Nd2 Rfc8 19. Rfc1 a5 20. bxa5 Rxa5 21. Nb3 Ra3 22. Nc5 Rca8 23. Bxg6 hxg6 {½-½ (23) Kunin,V (2350)-Kharitonov,A (2538) Moscow 2000}) 11... b6 ({RR} 11... Nxc3 12. bxc3 e5 13. Bd3 h6 14. O-O Re8 15. Nd2 Nf6 16. c4 exd4 17. exd4 Qd6 18. Nb3 Ng4 19. g3 Nf6 20. Bf5 Bxf5 21. Qxf5 Re2 22. Qc5 Qe6 23. d5 cxd5 24. Nd4 Qe7 25. Qxe7 Rxe7 26. cxd5 {Baumann,M (1883)-Koch,Y (2082) Verden an der Aller 2020 ½-½ (38)}) 12. O-O Bb7 $146 ({RR} 12... Nxc3 13. bxc3 Bb7 14. Bd3 h6 15. Rfc1 c5 16. Bh7+ Kh8 17. Be4 Bxe4 18. Qxe4 Nf6 19. Qd3 Rfd8 20. Ne5 Rac8 21. Qb5 Kg8 22. a4 Qb7 23. a5 Ne4 24. axb6 axb6 25. Nc4 Ra8 26. Rab1 cxd4 27. cxd4 {Holtorp,M-Warnk,T (2018) Bensheim 2003 ½-½ (47)}) 13. Bd3 g6 14. Rac1 Rac8 15. Nxd5 exd5 16. Qa4 a6 17. h3 c5 18. dxc5 bxc5 19. Qf4 f5 20. b4 a5 21. Bb5 Bc6 22. Bxc6 Rxc6 23. bxc5 Nxc5 24. Qd4 Rd8 25. Rc3 Ne6 26. Qe5 Rxc3 27. Qxc3 Qc7 28. Qxc7 Nxc7 29. Nd4 Ne8 30. Rb1 Nd6 31. Nc6 Rd7 32. Nxa5 Ra7 33. Rb6 Nc4 34. Nxc4 dxc4 35. Rc6 Ra4 36. Rc7 Kf8 37. Kf1 Ke8 38. Ke1 Kd8 39. Rxh7 Rxa3 40. Rg7 c3 41. Kd1 Ra2 42. Rxg6 Rxf2 43. h4 Ke7 44. h5 Kf7 45. Rg3 Kf6 46. h6 Rd2+ 47. Kc1 Rd7 48. Kc2 Rh7 49. Rh3 Ke5 50. Kxc3 Ke4 51. Kd2 Ke5 52. Ke2 Kf6 53. Kf2 Kg5 54. Kf3 Kg6 55. Kf4 1-0

[Event "Petrovskaya Ladya A1"]
[Site "Peterhof"]
[Date "2006.08.16"]
[Round "5"]
[White "Utkin, Aleksey"]
[Black "Karpov, Alexander"]
[Result "1-0"]
[WhiteElo "2395"]
[BlackElo "2352"]
[PlyCount "91"]
[EventDate "2006.08.14"]
[EventType "tourn"]
[EventRounds "11"]
[EventCountry "RUS"]
[EventCategory "4"]
[SourceTitle "CBM 113 Extra"]
[Source "ChessBase"]
[SourceDate "2006.09.14"]
[SourceVersion "1"]
[SourceVersionDate "2006.09.14"]
[SourceQuality "1"]

1. d4 d5 2. Nf3 e6 3. c4 Nf6 4. Nc3 c6 5. Bg5 Be7 6. e3 Nbd7 7. Qc2 O-O 8. Rd1 Re8 9. Bd3 dxc4 10. Bxc4 Nd5 11. Bxe7 Qxe7 12. O-O Nxc3 13. Qxc3 b6 14. Ne5 ({RR} 14. a3 Bb7 15. b4 a5 {½-½ (15) Kiselev,V (2505)-Kuzmin,G (2465) Lugansk 2007}) ({RR} 14. e4 Bb7 15. Rfe1 Qd6 16. Ng5 Qf4 17. Nh3 Qc7 18. f4 c5 19. d5 exd5 20. Bxd5 Bxd5 21. Rxd5 h6 22. e5 Rad8 23. Nf2 Nb8 24. Rxd8 Rxd8 25. Ne4 Rd4 26. Qg3 Kf8 27. Nd6 Qd7 28. f5 f6 {Obregon Garcia,R (2073)-Mantilla Gras,G (1991) Holguin 2018 1-0}) 14... Nxe5 15. dxe5 Bb7 16. Rd6 c5 $146 ({RR} 16... Red8 17. Rfd1 Rxd6 18. exd6 Qd7 19. b4 c5 20. b5 Bd5 21. Bxd5 exd5 22. Rxd5 Qxb5 23. h3 Rd8 24. Rg5 g6 25. Qf6 Qe8 26. Re5 Qf8 27. Re7 Qg7 28. Qf4 g5 29. Qf5 Kf8 30. Rc7 {1-0 (30) Garcia Padron,J (2440)-Hernando Garcia,A (2245) Ponferrada 1997}) 17. Rfd1 Qg5 18. Bf1 Bf3 19. R1d2 h5 20. Kh1 Bd5 21. b3 b5 22. Rd1 b4 23. Qb2 h4 24. f4 Qf5 25. Bd3 Qg4 26. Rf1 Rad8 27. e4 Bb7 28. h3 Qg3 29. Qf2 g5 30. Qxg3 hxg3 31. fxg5 Kg7 32. Rf3 Rxd6 33. exd6 Rd8 34. e5 Bxf3 35. gxf3 Rh8 36. Kg2 c4 37. bxc4 Rc8 38. Kxg3 a5 39. Kf2 a4 40. Ke3 a3 41. Bc2 Rxc4 42. d7 Rc3+ 43. Kd2 b3 44. Bxb3 Rxb3 45. d8=Q Rxf3 46. h4 1-0

[Event "Khanty-Mansiysk Governor Cup"]
[Site "Khanty-Mansiysk"]
[Date "2007.11.22"]
[Round "2"]
[White "Belozerov, Andrei"]
[Black "Karpov, Alexander"]
[Result "0-1"]
[WhiteElo "2549"]
[BlackElo "2330"]
[PlyCount "74"]
[EventDate "2007.11.21"]
[EventType "swiss"]
[EventRounds "9"]
[EventCountry "RUS"]
[SourceTitle "CBM 121 Extra"]
[Source "ChessBase"]
[SourceDate "2008.01.10"]
[SourceVersion "1"]
[SourceVersionDate "2008.01.10"]
[SourceQuality "1"]

1. d4 {Gagarin,Vasilij} d5 2. c4 e6 3. Nc3 Nf6 4. Bg5 Be7 5. e3 c6 6. Nf3 Nbd7 7. Qc2 O-O 8. Rd1 Re8 9. a3 ({RR} 9. Bd3 dxc4 10. Bxc4 Nd5 11. Bxe7 Qxe7 12. O-O Nxc3 13. Qxc3 b6 14. e4 Bb7 15. Rfe1 c5) 9... a5 ({RR} 9... a6 10. h3 h6 11. Bf4 dxc4 12. Bxc4 b5 13. Ba2 Bb7 14. Ne5 ({RR} 14. O-O c5 15. dxc5 Bxc5 16. Ne5 Qc8 17. Bb1 Nf8 18. Qe2 Ra7 19. Rc1 Qa8) 14... Qb6 15. Nxd7 Nxd7 16. Bb1) ({RR} 9... Nf8 10. Bd3 dxc4 11. Bxc4 Nd5 12. Bxe7 Qxe7 13. O-O b6 14. Ne2 Bb7 15. e4 Nf6 16. Ng3 Red8 17. Rfe1 Rac8 18. Qb3 Qc7 19. Qa2 c5) ({RR} 9... Qa5 10. Bd3 dxc4 11. Bxc4 Nd5 ({RR} 11... b5) 12. Bxe7 Rxe7 13. Bd3 Nf8 14. Rc1) ({RR} 9... h6 10. Bh4 ({RR} 10. Bf4) 10... a6 11. h3 ({RR} 11. c5) 11... Qa5 12. Bd3 c5 13. O-O dxc4 14. Bxc4 b5 15. Ba2 b4) ({RR} 9... dxc4 10. Bxc4 Nd5 11. Bxe7 Qxe7 12. O-O ({RR} 12. Ne4) 12... Nxc3 13. Qxc3 b6 14. Ne5 ({RR} 14. e4 Bb7 15. Rfe1) 14... Bb7) 10. h3 ({RR} 10. cxd5 exd5 11. Bd3 Nf8 12. O-O Bg4 13. Be2 Ne4 14. Bxe7 Qxe7 15. Nxe4 dxe4 16. Ne5 Bxe2 17. Qxe2 Ng6 18. Nxg6 hxg6 19. d5) ({RR} 10. c5) ({RR} 10. cxd5 exd5 11. Bd3 h6 12. Bf4 Nf8 13. h3 Bd6 14. O-O Bxf4 15. exf4 Nh5 16. Ne2 Qf6 17. f5 Qd6 18. Rfe1 Bd7 19. Ne5 Re7 20. f4 Rae8 21. Qd2 f6 22. Nxd7 Nxd7 23. Kf2 c5 24. g4 c4 {Iljushina,O (2020)-Kamenskaya,M (2050) Sochi RUS 2025 1-0 (108)}) ({RR} 10. Bd3 dxc4 11. Bxc4 Nd5 12. Bxe7 Qxe7 13. Ne2 h6 14. Ba2 N5f6 15. Ng3 c5 16. O-O b6 17. e4 Bb7 18. d5 exd5 19. exd5 Ne5 20. Nh4 c4 21. d6 Qd7 22. Rd4 b5 23. Bb1 Qc6 24. Nh5 Ned7 {Strelnikov,S (2334)-Karpov,A (2341) Sukhumi 2008 1-0 (48)}) 10... dxc4 ({RR} 10... h6 11. Bf4 dxc4 12. Bxc4 b5 13. Bd3 Qb6 14. O-O Ba6 15. e4 b4 16. axb4 ({RR} 16. Na4 Bxd3 ({RR} 16... b3 17. Qe2 Qa7 18. Rc1) 17. Rxd3 ({RR} 17. Qxd3 Qb5) 17... Qb5 18. Re1) 16... axb4 17. Nb1 ({RR} 17. Ne2 Bxd3 18. Qxd3 c5) 17... c5 18. Bxa6 Qxa6 19. d5 ({RR} 19. dxc5 Nxc5) 19... exd5 20. e5 ({RR} 20. exd5 Bd6 21. Bxd6 Qxd6 22. Nbd2 Nxd5 23. Nc4 ({RR} 23. Ne4 Qc6) 23... Qc6) 20... Nh7 21. Rxd5 Nhf8 22. b3 Nb6 23. Rd3 Ne6 24. Be3 c4 25. bxc4 {Bagirov,V (2505)-Vooremaa,A (2415) Tallinn 1981 MCL [Gagarin,Vasilij] 0-1 (34)}) 11. Bxc4 b5 12. Ba2 $146 ({RR} 12. Bd3 b4 13. axb4 axb4 14. Ne2 Qb6 15. O-O b3 16. Qb1 Ba6 17. Nc3 c5 18. Bxa6 Rxa6 19. e4 cxd4 20. Rxd4 Ne5 21. Rfd1 Nxf3+ 22. gxf3 h6 23. Be3 Qb7 24. Rc4 Rea8 25. Kg2 Rc8 26. Rxc8+ Qxc8 {Bosboom,M (2430)-Hoen,R (2335) Slough 1997 ½-½ (37)}) ({RR} 12. Be2 Qb6 13. O-O Bb7 14. Rfe1 Nd5 15. Bxe7 Rxe7 16. Ne4 b4 17. Bc4 Ba6 18. Rc1 N7f6 19. Bxa6 Qxa6 20. Nxf6+ gxf6 21. Qxc6 Qxc6 22. Rxc6 bxa3 23. bxa3 Rb7 24. Nd2 Rb2 25. Nc4 Ra2 26. Rb1 Ra7 {Krueger,R (2250)-Schuster,M (2140) Germany 1998 1-0 (50)}) 12... b4 13. Na4 Ba6 14. Ne5 Nxe5 15. dxe5 Nd5 16. h4 Qb8 17. Bb1 g6 18. Bxe7 Rxe7 19. Qc5 Qxe5 20. h5 Bb5 21. Nb6 Qxb2 22. Bc2 Rae8 23. a4 b3 24. Nxd5 exd5 25. Bd3 Bxd3 26. Rxd3 Qa1+ 27. Rd1 Qxa4 28. O-O Re6 29. h6 Qb4 30. Qa7 R6e7 31. Qa6 Qb5 32. Qxb5 cxb5 33. Rxd5 Rb8 34. Rfd1 Ree8 35. Rd7 a4 36. Ra7 Ra8 37. Rb7 Reb8 0-1